Korszerű beszerzési "fortélyok" bevezetése a Kunpetrol Kft-nél
Elmentve itt :
| Szerző: | |
|---|---|
| További közreműködők: | |
| Dokumentumtípus: | Szakdolgozat |
| Megjelent: |
2003
|
| Tárgyszavak: | |
| Online Access: | http://diploma.bibl.u-szeged.hu/32015 |
| LEADER | 00552nta a2200157 i 4500 | ||
|---|---|---|---|
| 001 | dipl32015 | ||
| 005 | 20130314092254.0 | ||
| 008 | 110711s2003 hu om 0|| zxx d | ||
| 040 | |a SZTE Diploma Repozitórium |b hun | ||
| 041 | |a zxx | ||
| 100 | 1 | |a Tóth Csaba | |
| 245 | 1 | 0 | |a Korszerű beszerzési "fortélyok" bevezetése a Kunpetrol Kft-nél |h [elektronikus dokumentum] / |c Csaba Tóth |
| 260 | |c 2003 | ||
| 650 | 4 | |a Gazdaságtudományok | |
| 700 | 1 | |a Szűcs György |e ths | |
| 856 | 4 | 0 | |u http://diploma.bibl.u-szeged.hu/id/eprint/32015/1/szakdolgozat.pdf |z Dokumentum-elérés |